000 00915nam a22002177a 4500
003 JO-AjAnu
005 20231129122902.0
008 231129b jo ||||| |||| 00| 0 ara d
020 _a9789957026585
040 _aJO-AjAnu
_bARA
_cJO-AjAnu
_dJO-AjAnu
041 0 _aARA
_hARA
050 _aS544
_b2020
100 _aالعباسي، عامل فاضل خليل
_964547
_eمؤلف
245 0 _aتعليم الكبار في القطاع الزراعي = ADULT EDUCATION IN AGRICULTURAL SECTOR /
_cعامل فاضل خليل العباسي
250 _aالطبعة الاولى
260 _aعمان :
_bدار مجدلاوي للنشر والتوزيع،
_c2020
300 _a268 صفحة
500 _aيحتوي على قائمة بالمصادر باللغتين العربية والانجليزية
650 4 0 _aالتعليم الزراعي
_964550
_vالتعليم الزراعي
942 _2lcc
_cBK
_n0
999 _c33198
_d33198